000 00535cab a2200205 4500
001 X1612
008 090401t1994 xxu||||| |||| 00| 0 eng d
035 _a(Sirsi) u94880
041 _aeng
100 _aRobertson, D.
245 4 _aThe scope of facilities auditing
260 _c1994
350 _a0
490 _aCSM (Chartered Surveyor Monthly)
_v3(10) July/August 1994, 41(1)
650 _aBMI
650 _aFACILITIES MANAGEMENT
_96240
690 _aOFFICE SERVICES AND ADMINISTRATION
942 _n0
948 _c04/03/1997
999 _c59610
_d59610